000
00237nam a2200097Ia 4500
001
807697
005
20250826171236.0
008
250824s9999 xx 000 0 und d
245
0
_a
HOŞÇA KAL UMUT
_c
AYLA KUTLU
260
_b
BİLGİ YAYINLARI
999
_c
807697
_d
807697